| 000 | 00641nam a22001817a 4500 | ||
|---|---|---|---|
| 003 | MX-MxUPN | ||
| 005 | 20240605154328.0 | ||
| 008 | 240605b1994 mx| |||fr|||| 000 0 spa d | ||
| 040 |
_aMX-MxUPN _bspa |
||
| 050 | 4 |
_aLB3048 M6 _bS44 1994 |
|
| 245 | 0 | 0 |
_a2° concurso para la renovación de los libros de texto gratuito de educación primaria : _bjurados |
| 260 |
_aMéxico, D.F.: _bSecretaría de Educación Pública, _c1994 |
||
| 300 | _a23 páginas | ||
| 650 | 4 |
_952233 _aLibros de texto _zMéxico _xConcursos |
|
| 650 | 2 |
_913744 _aEducación primaria _zMéxico _vLibros de texto |
|
| 902 | _bVíctorGodínez/050624 | ||
| 942 |
_2lcc _cFOLL |
||
| 999 |
_c211298 _d211298 |
||